000 00487nam a2200193Ia 4500
005 20230327104614.0
008 131103s9999 xx 000 0 und d
040 _aLoreto College
041 _aEnglish
082 _a822.91
_bSAN
100 _aSands, Leslie
245 _aIntent to murder
_b a thriller
_cLeslie Sands
260 _aLondon
_bEnglish theatre guild
_c1953
300 _a92p.
440 _aGuild Library
650 _aEnglish drama
850 _aLCLIB
942 _cBK
999 _c22217
_d72696